| 000 | 00608nam a22001937a 4500 | ||
|---|---|---|---|
| 003 | 0 | ||
| 005 | 20250905124929.0 | ||
| 008 | 250905b xxu||||| |||| 00| 0 eng d | ||
| 020 | _a979-8-89161-582-3 | ||
| 050 |
_aHC 21 _b.F67 2025 |
||
| 100 |
_aFoster, Gordon, _eauthor. |
||
| 245 |
_aEconomic history of the world / _cGordon Foster. |
||
| 260 |
_aJersey City, USA : _bAlexis Press, _c2025. |
||
| 300 |
_ax, 324 pages : _billustrations ; _c27 cm. |
||
| 504 | _aIncludes bibliographical references and index. | ||
| 650 | _aEconomic history. | ||
| 650 |
_aWorld history _xEconomic aspects. |
||
| 942 |
_2lcc _cBK |
||
| 999 |
_c367778 _d367778 |
||